Sethu Pandavapuram/ (Record no. 205240)

MARC details
000 -LEADER
fixed length control field 00543nam a22001937a 4500
005 - DATE AND TIME OF LATEST TRANSACTION
control field 20240823115911.0
010 ## - LCCN (DPL NO)
LC control number ENG-141416
020 ## - INTERNATIONAL STANDARD BOOK NUMBER
International Standard Book Number 9788126435456
Terms of availability 195.00
035 ## - SYSTEM CONTROL NUMBER
System control number EN-124948
037 ## - SOURCE OF ACQUISITION
Source of stock number/acquisition DBAD
082 ## - DEWEY DECIMAL CLASSIFICATION NUMBER
Classification number N
245 ## - TITLE STATEMENT
Title Sethu Pandavapuram/
Statement of responsibility, etc Translated By Prema Jayakumar
250 ## - EDITION STATEMENT
Edition statement first
260 ## - PUBLICATION, DISTRIBUTION, ETC. (IMPRINT)
Place of publication, distribution, etc Kerala
Name of publisher, distributor, etc D C Books
Date of publication, distribution, etc 2012
270 ## - ADDRESS
Address Kottayam,
City Kerala
Postal code 686001
Electronic mail address customercare@dcbooks.com
300 ## - PHYSICAL DESCRIPTION
Extent 168 p.
Dimensions 21cm (pb)
700 ## - ADDED ENTRY--PERSONAL NAME
9 (RLIN) 70456
Personal name Jayakumar, Prerna
Relator term Translator
942 ## - ADDED ENTRY ELEMENTS (KOHA)
Source of classification or shelving scheme Dewey Decimal Classification
Item type English Books
Classification part N
Edition FIRST
Call number suffix SET
Holdings
Withdrawn status Lost status Not for loan Collection code Home library Current library Date acquired Source of acquisition Cost, normal purchase price Full call number Barcode Copy number Cost, replacement price Koha item type
      Non-fiction Shahdara Branch Shahdara Branch 23/08/2024 DBAD 195.00 N SET EN-124948 1 195.00 English Books

© Delhi Public Library
Hit Counter
free hit counter